Prueba de Lamine Yamal - Estadísticas

Estadísticas generales
  • Esta prueba ha sido intentada 121 veces
  • La puntuación promedio es 10 de 14
Estadísticas de respuestas
Pista Respuesta % Correcto
¿En qué país nació? España
97%
Club con que Yamal ha jugado FC Barcelona
97%
¿A qué edad debutó en La Liga? 15
94%
País de su padre Marruecos
89%
Futbolistas que cita como más inspiradores Lionel Messi
87%
Este entrenador escogió a Yamal para empezar con ese club Xavi
80%
¿Qué religión es? Islam
78%
Futbolistas que cita como más inspiradores Neymar
72%
Residencia y academia formativa dónde se entrenó La Masia
70%
¿Con qué números hace gesto para celebrar sus goles? 304
67%
Recibió el Premio al Jugador Joven de este torneo en 2024 Eurocopa
64%
País de su madre Guinea Ecuatorial
51%
¿Quién asistió en el final de ese torneo? Nico Williams
49%
¿En qué club local empezó a jugar a los 4 años? La Torreta
13%
No se encontraron pruebas coincidentes
Distribución de puntuación
Porcentaje de gente con cada puntuación
Porcentaje por número respondido
Historial de tus puntuaciones
No has intentado esta prueba.